Wird geladen...

Charithrathinu Parayanullath

Bibliographische Detailangaben
1. Verfasser: Ramesh,K.P
Format: Printed Book
Sprache:Malayalam
Veröffentlicht: Kottayam Current Books 2006
LEADER 00452nam a2200121Ia 4500
008 111204s9999 xx 000 0 mal d
100 |a Ramesh,K.P. 
245 |a Charithrathinu Parayanullath  |c Rameshan nair S 
260 |b Current Books  |a Kottayam  |c 2006 
300 |a 104p 
942 |c BK 
999 |c 226572  |d 226572 
952 |0 0  |1 0  |2 ddc  |4 0  |6 851_000000000000000_86R1_CHA  |7 0  |9 250092  |a MAL  |b MAL  |c ST1  |d 2011-12-05  |g 55.00  |l 0  |o 851.86R1 CHA  |p MAL30307  |r 2011-12-05  |v 0.00  |w 2011-12-05  |y BK